| 000 | 00623nam a22001932 4500 | ||
|---|---|---|---|
| 001 | 0000001530 | ||
| 005 | 20151217155811.0 | ||
| 008 | 070314s xx 000 0 eng d | ||
| 040 |
_aKABU _cKABU |
||
| 050 | 0 |
_aHC865 _b.Z7W35 2002 |
|
| 110 | 2 |
_aKenya. _bMinistry of Finance and Planning. _@0000150234 |
|
| 245 | 1 | 0 | _aWajir district development plan 2002-208. |
| 260 |
_aNairobi : _bMinistry of Finance and Planning, _c[2002] |
||
| 300 | _aix, 67 p. | ||
| 651 | 0 |
_aWajir district (Kenya) _xEconomic policy. _@0000150348 |
|
| 908 | _a070314 | ||
| 950 | _@1 | ||
| 999 |
_c12592 _d12592 |
||